000 00732cam a22002533a 4500
001 8945
003 PGUSA
005 20140828083206.0
008 050901s2005||||xxu|||||s|||||000 | eng d
040 _aPGUSA
_beng
042 _adc
050 4 _aDG
100 1 _aTrollope, Anthony,
_d1815-1882
245 1 4 _aThe Life of Cicero, Volume One
_h[electronic resource] /
_cAnthony Trollope
260 _bProject Gutenberg,
_c2005
506 _aPublic domain in the USA.
516 _aElectronic text
653 _aAuthors, Latin -- Biography
653 _aCicero, Marcus Tullius
653 _aStatesmen -- Rome -- Biography
830 0 _aProject Gutenberg
_v8945
856 4 0 _uhttp://www.gutenberg.org/ebooks/8945
942 _cEB
999 _c238229
_d238229